[Event "Duisburg Grossenbaum op"]
[Site "Duisburg"]
[Date "2006.06.03"]
[Round "2"]
[White "Sandkuehler, Wolf"]
[Black "Gockel, Mirco"]
[Result "0-1"]
[WhiteElo "1549"]
[BlackElo "1861"]
[PlyCount "58"]
[EventDate "2006.06.02"]
[EventType "swiss"]
[EventRounds "7"]
[EventCountry "GER"]
[SourceTitle "EXT 2007"]
[Source "ChessBase"]
[SourceDate "2006.11.23"]
[SourceVersion "1"]
[SourceVersionDate "2006.11.23"]
[SourceQuality "1"]

1. e4 c5 2. Nf3 d6 3. d4 cxd4 4. c3 Nf6 5. Bc4 g6 6. e5 dxe5 7. Nxe5 e6 8. Bg5 Bg7 9. 0-0 0-0 10. Qe2 Qe7 11. cxd4 Nc6 12. Nf3 Ng4 13. g3 h6 14. Be3 b6 15. Nbd2 Bb7 16. Rac1 Qd7 17. Nh4 Nf6 18. Ndf3 a6 19. Rcd1 Nd5 20. a3 b5 21. Bb3 Rac8 22. Ng2 Na5 23. Ba2 Nc4 24. Rc1 Ndb6 25. Rfd1 Nxb2 26. Ne5 Bxe5 27. Qxb2 Bg7 28. Qe2 Nd5 29. Bxd5 Qxd5 0-1